تاريخ الخديوي محمد باشا توفيق / (Record no. 25045)

MARC details
000 -الفاتح
حقل البيانات ثابتة الطول 00977nam a2200289 i 4500
003 - محدد رقم الضبط
رقم الضبط EG-ScBUE
005 - وقت وتاريخ اخر تعامل مع التسجيلة
رقم الضبط 20231012095022.0
008 - عناصر البيانات ثابتة الطول - معلومات عامة
حقل البيانات ثابتة الطول 170718s1991 ua f 000 0bara d
040 ## - مصدر الفهرسة
وكالة الفهرسة الأصلية EG-ScBUE
لغة الفهرسة ara
قواعد الوصف rda
وكالة التعديل EG-ScBUE
وكالة النسخ EG-ScBUE
043 ## - رمز المنطقة الجغرافية
رمز المنطقة الجغرافية f-ua---
082 04 - رقم تصنيف ديوى العشرى
رقم التصنيف 923.1
رقم المادة ز ن د
رقم الطبعة 22
100 1# - المدخل الرئيسى - إسم شخصى
الإسم الشخصى زند، عزيز،
الدور مؤلف.
245 10 - بيان العنوان
العنوان تاريخ الخديوي محمد باشا توفيق /
بيان المسئوليه,etc تأليف عزيز زند.
264 #1 - النشر، التوزيع
مكان الناشر او الموزع القاهرة :
اسم الناشر او الموزع مكتبة مدبولي،
تاريخ النشر أو التوزيع 1991.
300 ## - الوصف المادى
التعداد 212 صفحة ؛
أبعاد الوعاء 24 سم.
336 ## - نوع المحتوى
source rdacontent
Carrier Type Term نص
Content Type Code txt
337 ## - نوع الوسيط
source rdamedia
Media Type Term بدون وسيط
Media Type Code n
338 ## - نوع الحامل أو الناقل
source rdacarrier
Carrier Type Term مجلد
Carrier Type Code nc
490 0# - بيان السلسلة
عنوان السلسلة صفحات من تاريخ مصر ؛
رقم المجلد/ التعيين التسلسلي 15
590 ## - تبصرة محلية(RLIN)
تبصرة محلية سامح
600 07 - المدخل الاضافى بالموضوع-اسم شخصى
الإسم الشخصى توفيق،
العنوان والكلمات الأخرى المصاحبة للاسم خديوي مصر،
التواريخ المصاحبة للاسم 1892-1852.
مصدر الرأس أو المصطلح BUEsh
650 ## - المدخل الاضافى بالموضوع-مصطلح موضوعى
مصدر الرأس أو المصطلح BUEsh
651 #7 - المدخل الاضافى بالموضوع - اسم جغرافى
مصدر الرأس أو المصطلح BUEsh
الاسم الجغرافي مصر
التقسيم الفرعي العام ملوك وحكام
التقسيم الفرعي الشكلي تراجم.
653 ## - مصطلح تكشيفى غير مقيد
Resource For college Generalities
Arrived date list July2017
655 ## - مصطلح تكشيفى-نوع/شكل
التقسيم الفرعي الشكلي Reading book
942 ## - عناصر المدخل الإضافي( كوها)
مصدر التصنيف او مخطط الترفيف Dewey Decimal Classification
Holdings
حالة التراجع حالة الفقد مصدر التصنيف او خطة الترفيف حالة تلف ليس للاعارة مجموعات كوها المكان الدائم المكان الحالي موقع الترفيف تاريخ الاكتساب Source of acquisition تعداد مسلسل / التسلسل الزمني رقم الاستدعاء الباركود Date last seen نوع الوعاء
    Dewey Decimal Classification     Madboly Central Library Central Library Second Floor 18/07/2017 Purchase 04183 923.1 ز ن د 000034271 15/07/2025 Book - Borrowing